| 000 | 00614nam a2200193 4500 | ||
|---|---|---|---|
| 001 | 118899 | ||
| 003 | ES-MaACL | ||
| 005 | 20230906191213.0 | ||
| 007 | t| | ||
| 008 | 070214s1965 sp r ||||1| spa d | ||
| 100 | 1 |
_aPeuteman, A. _991582 |
|
| 245 | 1 | 0 |
_aTrabajos prácticos de servomecanismos / _cpor A. Peuteman, F. Monteiller ; traducción de Manuel Puigbó Rocafort. |
| 250 | _a1ª. ed. | ||
| 260 |
_aBarcelona : _bJosé Montesó, _c1965. |
||
| 300 |
_a130 p. : _bil. ; _c22 cm. |
||
| 700 | 1 |
_aPuigbó Rocafort, Manuel. _994290 |
|
| 700 | 1 |
_aMonteiller, F. _982434 |
|
| 852 |
_aES-MaACL _jC-29768 _bR.60253 |
||
| 999 |
_c118899 _d118899 |
||